000 01114nam a22002777a 4500
999 _c7237
_d7237
003 AR-CdUCM
008 190320b ||||| |||| 00| 0 spa d
020 _a0-07-090907-5
040 _aMUNICIPALIDAD PROVINCIAL DEL CUSCO
_cBIBLIOTECA MUNICIPAL DEL CUSCO
041 _heng
082 _a621.38195 /
_bAU88
100 _aAuslander, David M.
_920395
245 _aIntroducción a sistemas y control /
260 _aColombia :
_bPublicaciones Cultural,
_c1975.
300 _aVIII, 349 páginas ;
_bfiguras,
_c23 cm.
440 _aLibros MacGraw-Hill.
_920396
505 _aContenido: Sistema dinámico -- Vectores de estado -- Ecuaciones de estado -- Solución de las ecuaciones del sistema por computador -- Solución analítica de la ecuación de estado lineal -- Sistemas de entrada-salida lineal ...
650 _aSistemas dinámicos
_920397
650 _aContorl
_920398
650 _aVectores, frecuencia
_920399
700 _aTakahashi, Yasundo
_920400
700 _aRabins, Michael J. (coautor)
_920401
700 _aOsuna Suárez, Jairo (traducción)
_920402
942 _2ddc
_cLIBROS
945 _aachl